[Event "Main Tournament (HTO)"]
[Site "Biel/Bienne"]
[Date "2023.07.21"]
[Round "5.1"]
[White "Mirski, Michal"]
[Black "Khanabiev, Alexey"]
[Result "1/2-1/2"]
[WhiteElo "1993"]
[BlackElo "2079"]
[PlyCount "157"]
[EventDate "2023.07.17"]

1. e4 Nc6 2. Nc3 e5 3. Nf3 Nf6 4. d4 exd4 5. Nxd4 Bb4 6. Nxc6 bxc6 7. Bd3 h6 8. O-O d6 9. Bd2 O-O 10. a3 Ba5 11. b4 Bb6 12. Na4 Qe7 13. Nxb6 cxb6 14. Qe2 Bb7 15. Bc3 c5 16. Rae1 c4 17. Bxc4 Qxe4 18. f3 Qxe2 19. Bxe2 Rfc8 20. Bxf6 gxf6 21. Bd3 Rc3 22. Re7 Bd5 23. Rd7 Be6 24. Rxd6 Rxa3 25. f4 Rc8 26. Re1 Ra2 27. Rd4 b5 28. Re3 Bc4 29. Bxc4 bxc4 30. Rc3 Re8 31. Kf2 Ra1 32. Rdxc4 Rae1 33. Rc8 Kg7 34. Rxe8 Rxe8 35. Rc7 Re4 36. c3 Rxf4+ 37. Ke3 Rg4 38. Rxa7 Rxg2 39. b5 Rxh2 40. c4 Rb2 41. Rb7 h5 42. c5 h4 43. b6 h3 44. Ra7 Kf8 45. Kd4 h2 46. Ra1 Ke7 47. Kd5 Ra2 48. Re1+ Kd7 49. c6+ Kd8 50. b7 Rb2 51. Kd6 Rd2+ 52. Kc5 Rc2+ 53. Kb6 Rb2+ 54. Kc5 Rc2+ 55. Kd5 Rb2 56. Kc5 Rc2+ 57. Kd4 Rb2 58. Kc3 Rb6 59. Kd4 Kc7 60. b8=Q+ Rxb8 61. Kc5 Rh8 62. Rh1 Rh4 63. Kd5 f5 64. Ke5 f4 65. Ke4 Kxc6 66. Kf3 Kd5 67. Rd1+ Ke5 68. Rh1 Kf5 69. Rxh2 Rg4 70. Rh5+ Rg5 71. Rh7 Rg3+ 72. Kf2 f6 73. Re7 Re3 74. Rg7 Rb3 75. Rg8 f3 76. Rf8 Kg5 77. Ra8 f5 78. Ra4 f4 79. Ra8 1/2-1/2

[Event "Main Tournament (HTO)"]
[Site "Biel/Bienne"]
[Date "2023.07.21"]
[Round "5.2"]
[White "Novalic, Miralem"]
[Black "Long, Siyu"]
[Result "1/2-1/2"]
[WhiteElo "2028"]
[BlackElo "1805"]
[PlyCount "47"]
[EventDate "2023.07.17"]

1. c4 c6 2. Nc3 d5 3. d4 Nf6 4. Nf3 dxc4 5. a4 Bf5 6. e3 e6 7. Bxc4 Bb4 8. O-O O-O 9. Qb3 Qe7 10. Bd2 a5 11. Rfe1 Bg6 12. Ne5 Nbd7 13. Nxg6 hxg6 14. e4 e5 15. d5 Nc5 16. Qc2 Nfd7 17. Rad1 Nb6 18. b3 Nxc4 19. bxc4 Rfd8 20. Na2 Na6 21. Qb3 Nc5 22. Qc2 Na6 23. Qb3 Nc5 24. Qc2 1/2-1/2

[Event "Main Tournament (HTO)"]
[Site "Biel/Bienne"]
[Date "2023.07.21"]
[Round "5.3"]
[White "Wiesmann, Dominique"]
[Black "Oestmann, Lukas"]
[Result "0-1"]
[WhiteElo "1964"]
[BlackElo "1760"]
[PlyCount "60"]
[EventDate "2023.07.17"]

1. Nf3 Nf6 2. g3 g6 3. b3 Bg7 4. Bb2 d5 5. c4 O-O 6. Bg2 Nc6 7. cxd5 Nxd5 8. Bxg7 Kxg7 9. O-O e5 10. d3 Re8 11. Na3 Nd4 12. e3 Nc3 13. Qd2 Nde2+ 14. Kh1 Bf5 15. e4 Bg4 16. Ne1 Qd7 17. f3 Be6 18. Nac2 h5 19. Rf2 h4 20. Rxe2 Nxe2 21. Qxe2 hxg3 22. hxg3 Qc6 23. Qd2 Qb6 24. Ne3 a5 25. N1c2 a4 26. b4 Rad8 27. a3 f5 28. Qc3 Bb3 29. Nf1 Rh8+ 30. Nh2 Rxh2+ 0-1

[Event "Main Tournament (HTO)"]
[Site "Biel/Bienne"]
[Date "2023.07.21"]
[Round "5.4"]
[White "Vihan, Shourya"]
[Black "Sai, Mahati A"]
[Result "1-0"]
[WhiteElo "1952"]
[BlackElo "1669"]
[PlyCount "67"]
[EventDate "2023.07.17"]

1. d4 d5 2. c4 c6 3. cxd5 cxd5 4. Nc3 Nc6 5. Bf4 Nf6 6. e3 a6 7. Bd3 Bg4 8. Nge2 e6 9. Rc1 Bd6 10. f3 Bh5 11. Bxd6 Qxd6 12. g4 Bg6 13. g5 Nd7 14. f4 Ne7 15. h4 Bxd3 16. Qxd3 Nf5 17. Kf2 O-O 18. Rcg1 b5 19. Ng3 Nxg3 20. Rxg3 Qb4 21. Qe2 Nb6 22. g6 fxg6 23. h5 Nc4 24. hxg6 h6 25. Nd1 Nd6 26. Nc3 Nc4 27. Nd1 Nd2 28. Qg4 Ne4+ 29. Kf3 Nxg3 30. Qxe6+ Kh8 31. Rxh6+ gxh6 32. Qd7 Rxf4+ 33. exf4 Ra7 34. Qxa7 1-0

[Event "Main Tournament (HTO)"]
[Site "Biel/Bienne"]
[Date "2023.07.21"]
[Round "5.5"]
[White "Bangerter, Daria"]
[Black "Hansel, Rainer"]
[Result "0-1"]
[WhiteElo "1802"]
[BlackElo "1905"]
[PlyCount "74"]
[EventDate "2023.07.17"]

1. e4 e5 2. Nf3 Nc6 3. d4 exd4 4. Nxd4 Bc5 5. Nb3 Bb6 6. Nc3 Nf6 7. Bg5 h6 8. Bh4 d6 9. Qe2 Be6 10. O-O-O Qe7 11. f4 Bg4 12. Qxg4 Nxg4 13. Bxe7 Nxe7 14. Re1 Be3+ 15. Kb1 Bxf4 16. Nd5 Nxd5 17. exd5+ Be5 18. Bb5+ Ke7 19. Na5 a6 20. Ba4 Nf6 21. c4 Rab8 22. Re3 Nd7 23. Rf1 Rhd8 24. g3 Kf8 25. Ref3 Bf6 26. h3 Nc5 27. Bc2 Re8 28. b4 Ne4 29. Kc1 Ng5 30. Rf5 Nxh3 31. Ba4 Re4 32. Bd7 Ng5 33. R5f4 Re3 34. R4f2 Bc3 35. a3 Be5 36. g4 Rxa3 37. Rf5 Ke7 0-1

[Event "Main Tournament (HTO)"]
[Site "Biel/Bienne"]
[Date "2023.07.21"]
[Round "5.6"]
[White "Mamalis, Prokopios"]
[Black "Malli, Shiivesh Sunil"]
[Result "1-0"]
[WhiteElo "2146"]
[BlackElo "1835"]
[PlyCount "93"]
[EventDate "2023.07.17"]

1. e4 c5 2. Nc3 Nc6 3. Bb5 g6 4. Bxc6 dxc6 5. d3 Bg7 6. Be3 b6 7. f4 Nf6 8. h3 Qc7 9. Qf3 Bb7 10. Nge2 O-O-O 11. O-O e6 12. e5 Nd5 13. Ne4 Bf8 14. Bf2 Be7 15. Bg3 h5 16. a3 Qd7 17. c4 Nc7 18. Rad1 Na6 19. Ng5 Rhf8 20. Qe4 Qc7 21. b3 Rd7 22. Qe3 Qd8 23. Be1 Nc7 24. Bc3 Ne8 25. Ng3 h4 26. N3e4 Ng7 27. Nf6 Nf5 28. Qd2 Bxf6 29. exf6 Nd4 30. Bxd4 Rxd4 31. Rf3 Qc7 32. Qf2 Rh8 33. b4 Ba6 34. bxc5 bxc5 35. Re1 Rhd8 36. Ree3 R8d7 37. Qxh4 Qa5 38. Qh8+ Rd8 39. Qg7 R4d7 40. Nxf7 Qc7 41. Nxd8 Rxg7 42. Nxe6 Qf7 43. fxg7 Kb8 44. Rg3 Bc8 45. f5 Bxe6 46. fxe6 Qxg7 47. e7 1-0

[Event "Main Tournament (HTO)"]
[Site "Biel/Bienne"]
[Date "2023.07.21"]
[Round "5.7"]
[White "Jud, Marc"]
[Black "Kuenzli, Simon"]
[Result "1/2-1/2"]
[WhiteElo "1906"]
[BlackElo "1930"]
[PlyCount "35"]
[EventDate "2023.07.17"]

1. e4 c5 2. Nf3 d6 3. c4 e5 4. Nc3 f5 5. d3 Nf6 6. Bg5 Be7 7. Bxf6 Bxf6 8. Nd5 O-O 9. Qd2 Nc6 10. Be2 Be6 11. O-O g6 12. a3 Bxd5 13. cxd5 fxe4 14. dxc6 exf3 15. Bxf3 bxc6 16. Bxc6 Rb8 17. Bd5+ Kg7 18. Rab1 1/2-1/2

[Event "Main Tournament (HTO)"]
[Site "Biel/Bienne"]
[Date "2023.07.21"]
[Round "5.8"]
[White "Arbinger, Roland"]
[Black "Al Maamari, Wafia Darwish"]
[Result "0-1"]
[WhiteElo "2063"]
[BlackElo "1850"]
[PlyCount "194"]
[EventDate "2023.07.17"]

1. d4 Nf6 2. c4 e6 3. Nf3 d5 4. g3 c5 5. cxd5 Nxd5 6. Bg2 Nc6 7. O-O Be7 8. dxc5 Bxc5 9. a3 Nf6 10. Qc2 Qe7 11. b4 Bb6 12. Bb2 Bd7 13. Nbd2 Rc8 14. Nc4 Bc7 15. Rac1 b5 16. Ncd2 e5 17. e3 Bd6 18. Qb1 O-O 19. Ng5 a5 20. Nge4 axb4 21. Nxf6+ gxf6 22. axb4 Bxb4 23. Rfd1 Na5 24. Qd3 Bg4 25. f3 Rcd8 26. Qe4 Be6 27. Bc3 Bxc3 28. Rxc3 Nc4 29. Qc2 Qd6 30. Rxc4 bxc4 31. Bf1 Qa3 32. Re1 Qb4 33. Re2 Rd7 34. Ne4 Kg7 35. f4 Bg4 36. fxe5 f5 37. Nf6 Rd3 38. Nxg4 fxg4 39. Rf2 Rxe3 40. Qf5 Qe7 41. Qxg4+ Kh8 42. Qxc4 Rxe5 43. Qf4 f6 44. Qh6 f5 45. Qf4 Qc5 46. Kg2 Rfe8 47. Qh6 Qd5+ 48. Kg1 R5e6 49. Qf4 Re5 50. Qh6 Qf7 51. Qf4 Kg7 52. Kg2 h6 53. Bc4 Qb7+ 54. Kh3 Qe4 55. Bf1 Kg6 56. Kh4 Qxf4+ 57. gxf4 Re3 58. Rg2+ Kf6 59. Rg3 Re1 60. Rf3 R8e3 61. Rf2 Ra1 62. Bg2 Ra4 63. Bc6 Rc4 64. Bd5 Rd4 65. Bg2 Kg6 66. Bc6 h5 67. Bb7 Kh6 68. Bc6 Rd6 69. Bf3 Rg6 70. Bxh5 Rg1 71. Bf3 Re7 72. Bg2 Rg7 73. Kh3 Rg4 74. Bc6 Rc1 75. Bg2 Rc3+ 76. Rf3 Rxf3+ 77. Bxf3 Rxf4 78. Kg3 Kg5 79. Be2 Ra4 80. Bf3 f4+ 81. Kh3 Ra3 82. Kg2 Kh4 83. Bd5 Rd3 84. Be4 Rc3 85. Bd5 Kg5 86. Be4 Kf6 87. h4 Rg3+ 88. Kh2 Kg7 89. Bg2 Kh6 90. Bd5 Kh5 91. Bf7+ Kxh4 92. Bd5 Kg5 93. Be4 Kf6 94. Bc6 Ke5 95. Bb7 Kd4 96. Bc6 Ke3 97. Bg2 Rxg2+ 0-1

[Event "Main Tournament (HTO)"]
[Site "Biel/Bienne"]
[Date "2023.07.21"]
[Round "5.9"]
[White "Koestinger, Paul"]
[Black "Sleczka, Bartosz"]
[Result "0-1"]
[WhiteElo "2023"]
[BlackElo "1824"]
[PlyCount "58"]
[EventDate "2023.07.17"]

1. d4 Nf6 2. c4 g6 3. Nc3 Bg7 4. e4 d6 5. f4 c5 6. d5 O-O 7. Nf3 Bg4 8. Be2 Nbd7 9. O-O a6 10. Nd2 Bxe2 11. Qxe2 Ne8 12. e5 dxe5 13. f5 Nd6 14. g4 Qa5 15. Rf3 b5 16. Nce4 Nxc4 17. Nxc4 bxc4 18. Rh3 Rfd8 19. Qf2 Qb6 20. Be3 Nf6 21. fxg6 hxg6 22. Rf1 Rxd5 23. g5 Qe6 24. Nxf6+ exf6 25. Qh4 f5 26. Kg2 f4 27. Bf2 Rad8 28. Re1 Rd2 29. Qh7+ Kf8 0-1

[Event "Main Tournament (HTO)"]
[Site "Biel/Bienne"]
[Date "2023.07.21"]
[Round "5.10"]
[White "Ramadugu, Akshay"]
[Black "Zargarov, Mikayel"]
[Result "1-0"]
[WhiteElo "1844"]
[BlackElo "1951"]
[PlyCount "65"]
[EventDate "2023.07.17"]

1. d4 d5 2. c4 e6 3. Nc3 c6 4. e4 dxe4 5. Nxe4 Bb4+ 6. Bd2 Qxd4 7. Bxb4 Qxe4+ 8. Be2 Na6 9. Ba5 b6 10. Qd6 Bd7 11. Bc3 f6 12. O-O-O O-O-O 13. Qa3 Kb7 14. Bf3 Qf4+ 15. Rd2 e5 16. Ne2 Qxc4 17. Rhd1 Nb8 18. Ng3 Nh6 19. Ne4 Ka8 20. b3 Qe6 21. Nd6 a6 22. Nc4 b5 23. Nd6 Bc8 24. Nxb5 Rxd2 25. Rxd2 Qf7 26. Qa5 Qb7 27. Nd6 Qe7 28. Nc4 Be6 29. Bb4 Qb7 30. Nb6+ Ka7 31. Bc5 Nf5 32. Nd5+ Ka8 33. Nc7+ 1-0

[Event "Main Tournament (HTO)"]
[Site "Biel/Bienne"]
[Date "2023.07.21"]
[Round "5.11"]
[White "Yang, Adelynne"]
[Black "Kumar, Asha"]
[Result "0-1"]
[WhiteElo "1923"]
[BlackElo "1823"]
[PlyCount "116"]
[EventDate "2023.07.17"]

1. d4 d5 2. c4 e6 3. Nc3 h6 4. Bf4 Bd6 5. Bxd6 Qxd6 6. e3 Nf6 7. Rc1 Qe7 8. Nf3 O-O 9. Bd3 dxc4 10. Bxc4 c5 11. dxc5 Qxc5 12. Bd3 Nc6 13. O-O Qb4 14. Qe2 b6 15. a3 Qe7 16. Ne4 Bb7 17. Rc3 Ng4 18. Rfc1 Rac8 19. Qc2 f5 20. Ng3 Nce5 21. Nxe5 Nxe5 22. Be2 Rxc3 23. Qxc3 Rc8 24. Qd2 Rxc1+ 25. Qxc1 Qd6 26. f3 Kh7 27. Nf1 a6 28. Nd2 f4 29. Ne4 Bxe4 30. fxe4 fxe3 31. Qxe3 b5 32. Qc3 Qb6+ 33. Kf1 Qd6 34. b4 Nc6 35. Bd3 Qf4+ 36. Ke2 Ne5 37. h3 Qg3 38. Qd4 Qxg2+ 39. Kd1 Qh1+ 40. Kc2 Qg2+ 41. Kc3 Qa2 42. Qd6 Qxa3+ 43. Kc2 Nxd3 44. Qxd3 Qxd3+ 45. Kxd3 e5 46. Ke3 Kg6 47. Kf3 Kh5 48. Kg3 g5 49. Kf3 Kh4 50. Kg2 g4 51. hxg4 Kxg4 52. Kh2 Kf4 53. Kh3 Kxe4 54. Kh4 Kf4 55. Kh5 e4 56. Kxh6 e3 57. Kh5 e2 58. Kh4 e1=Q+ 0-1

[Event "Main Tournament (HTO)"]
[Site "Biel/Bienne"]
[Date "2023.07.21"]
[Round "5.12"]
[White "Aegerter, Fabrice"]
[Black "Brait, Wolfgang"]
[Result "1/2-1/2"]
[WhiteElo "1844"]
[BlackElo "1915"]
[PlyCount "48"]
[EventDate "2023.07.17"]

1. d4 Nf6 2. Bf4 d5 3. Nf3 c5 4. e3 Nc6 5. Bd3 Bg4 6. c3 e6 7. Nbd2 Be7 8. h3 Bh5 9. O-O Bg6 10. Qe2 O-O 11. Rfe1 Ne4 12. dxc5 Bxc5 13. Nd4 Nxd2 14. Qxd2 Bd6 15. Ne2 Rc8 16. Rac1 Ne5 17. Bxe5 Bxe5 18. Bxg6 hxg6 19. Red1 Qb6 20. Rc2 Rfd8 21. Rdc1 Bc7 22. Re1 Qd6 23. g3 Qe5 24. Qd4 Qxd4 1/2-1/2

[Event "Main Tournament (HTO)"]
[Site "Biel/Bienne"]
[Date "2023.07.21"]
[Round "5.13"]
[White "Materia, Matteo"]
[Black "Corbat, Philippe"]
[Result "0-1"]
[WhiteElo "1780"]
[BlackElo "1880"]
[PlyCount "32"]
[EventDate "2023.07.17"]

1. e4 d5 2. exd5 Nf6 3. Bb5+ Bd7 4. Be2 c6 5. dxc6 Nxc6 6. d4 e5 7. dxe5 Nxe5 8. Nf3 Qc7 9. Nbd2 O-O-O 10. Nxe5 Qxe5 11. O-O Bf5 12. Qe1 Re8 13. Nc4 Qxe2 14. Qc3 Ne4 15. Nb6+ Kb8 16. Bf4+ Bd6 0-1

[Event "Main Tournament (HTO)"]
[Site "Biel/Bienne"]
[Date "2023.07.21"]
[Round "5.14"]
[White "Mueller, Andrin"]
[Black "Lavorgna, Filippo"]
[Result "1/2-1/2"]
[WhiteElo "1738"]
[BlackElo "1867"]
[PlyCount "95"]
[EventDate "2023.07.17"]

1. d4 d5 2. c4 c6 3. cxd5 cxd5 4. Nf3 Nf6 5. Nc3 Nc6 6. e3 g6 7. a3 Bg7 8. Bd3 O-O 9. Bd2 Bf5 10. Bxf5 gxf5 11. Qc2 e6 12. h3 Ne4 13. g4 fxg4 14. hxg4 f5 15. gxf5 Nxd2 16. Nxd2 Rxf5 17. O-O-O Rc8 18. Rdg1 Qf8 19. f4 Na5 20. Nf3 Nc4 21. Qh2 Kf7 22. Qxh7 Rc7 23. Qg6+ Kg8 24. Ng5 Rxg5 25. Rxg5 Qf7 26. Qxf7+ Kxf7 27. Rh3 a6 28. Kb1 Kf8 29. Na4 Nd2+ 30. Ka2 Ne4 31. Rg2 b5 32. Nc3 Nxc3+ 33. bxc3 Rxc3 34. Rh7 Rc7 35. Kb3 a5 36. Ka2 Kg8 37. Rh6 Kf7 38. Rhg6 Bf8 39. R6g3 Rc3 40. e4 Rc4 41. exd5 exd5 42. Rd3 Ra4 43. Rg5 Ke6 44. Re5+ Kd6 45. Rg5 Ke6 46. Rg8 Kf7 47. Rg5 Ke6 48. Rg8 1/2-1/2

[Event "Main Tournament (HTO)"]
[Site "Biel/Bienne"]
[Date "2023.07.21"]
[Round "5.15"]
[White "Keymer, Cecilia"]
[Black "Scherler, Julius"]
[Result "1-0"]
[WhiteElo "1698"]
[BlackElo "1860"]
[PlyCount "95"]
[EventDate "2023.07.17"]

1. d4 c5 2. d5 g6 3. c4 Bg7 4. Nf3 d6 5. Qc2 e6 6. Nc3 Nf6 7. e4 exd5 8. cxd5 O-O 9. Bd3 b6 10. O-O Ba6 11. Re1 Re8 12. Bf4 Bxd3 13. Qxd3 Nh5 14. Bg5 f6 15. Bd2 Qc8 16. Nb5 Bf8 17. a4 a6 18. Na3 Nd7 19. h3 Ne5 20. Nxe5 fxe5 21. g4 Nf6 22. Bg5 Be7 23. Bh6 Nxg4 24. hxg4 Qxg4+ 25. Qg3 Qh5 26. Be3 Rf8 27. Kg2 Bh4 28. Qh3 Rf7 29. Rh1 g5 30. f3 Raf8 31. Raf1 Qg6 32. Qe6 Qxe6 33. dxe6 Re7 34. Nc4 Rxe6 35. Nxb6 Rb8 36. a5 Kg7 37. Rd1 Kg6 38. Nc4 Rb4 39. Nxd6 Rxb2+ 40. Kf1 Ra2 41. Nc4 Kh5 42. Bd2 Re8 43. Be1 Rc2 44. Ne3 Ra2 45. Nf5 Kg6 46. Rd6+ Kf7 47. Nxh4 gxh4 48. Rxa6 1-0

[Event "Main Tournament (HTO)"]
[Site "Biel/Bienne"]
[Date "2023.07.21"]
[Round "5.16"]
[White "Zarriess, Benjamin"]
[Black "Pleyer, Felix"]
[Result "0-1"]
[WhiteElo "1698"]
[BlackElo "1957"]
[PlyCount "162"]
[EventDate "2023.07.17"]

{[%evp 0,22,19,38,67,57,62,43,43,19,47,21,30,22,100,26,50,21,30,39,46,44,42,26,647]} 1. e4 Nf6 2. e5 Nd5 3. d4 d6 4. c4 Nb6 5. exd6 cxd6 6. Nf3 g6 7. h3 Bg7 8. Be2 O-O 9. Nc3 Bf5 10. O-O Nc6 11. Bg5 h6 12. Be3 Kh7 13. Qd2 e5 14. dxe5 dxe5 15. Rfd1 Be6 16. b3 Qxd2 17. Rxd2 Rfd8 18. Rad1 Rxd2 19. Rxd2 Bf8 20. Rd1 Nc8 21. Nd5 Nd6 22. Nc7 Rd8 23. Nxe6 fxe6 24. c5 Nf7 25. Rxd8 Nfxd8 26. a3 Bg7 27. b4 Nd4 28. Bd1 N8c6 29. Nd2 a5 30. bxa5 Nxa5 31. f3 Bf8 32. Ne4 Nc4 33. Bc1 Kg7 34. Kf2 Kf7 35. Ba4 Ke7 36. Ke1 Kd8 37. Kd1 b5 38. cxb6 Nxb6 39. Bc2 Nc4 40. a4 Nf5 41. Bd3 Nce3+ 42. Ke2 Nxg2 43. Kf1 Nf4 44. Bc4 Nd5 45. Kf2 Bb4 46. Bb2 Nd6 47. Nxd6 Bxd6 48. a5 Bc5+ 49. Kg2 Bd6 50. Kf2 Kc7 51. Bc1 g5 52. Bd2 Kc6 53. a6 Bc5+ 54. Kg3 Kb6 55. Bc1 Bd6 56. Kf2 Bc5+ 57. Kg3 Bd6 58. Kf2 Bc5+ 59. Kg3 Nc7 60. Kg4 Nxa6 61. Bxe6 Nc7 62. Bf5 Nb5 63. Kh5 Bf8 64. Bb2 Nd4 65. Be4 Kc7 66. Kg6 Kd8 67. Bc3 Kd7 68. Ba5 Ke6 69. Bd8 Ne2 70. Bf5+ Kd5 71. Kf7 Ba3 72. Kg7 Bc1 73. Kh7 Ng3 74. Bc8 Ne2 75. Kg6 Ng1 76. Bg4 e4 77. fxe4+ Kxe4 78. Kxh6 Nxh3 79. Bxh3 g4+ 80. Kh5 gxh3 81. Bc7 Bf4 0-1

[Event "Main Tournament (HTO)"]
[Site "Biel/Bienne"]
[Date "2023.07.21"]
[Round "5.17"]
[White "Yang, Andersen"]
[Black "Kleinhenz, Hans-Georg"]
[Result "0-1"]
[WhiteElo "1955"]
[BlackElo "1803"]
[PlyCount "102"]
[EventDate "2023.07.17"]

{[%evp 0,51,28,31,71,59,59,44,42,32,32,15,31,23,20,41,53,54,39,29,44,44,31,-64,-98,-83,-94,-98,-92,-84,-84,-87,-94,-120,-98,-110,-85,-130,-113,-113,-104,-93,-88,-111,-106,-136,-98,-92,-107,-100,-102,-114,-121,-156]} 1. e4 c6 2. d4 d5 3. exd5 cxd5 4. Bd3 Nc6 5. c3 Nf6 6. Bf4 Bg4 7. Qb3 Qd7 8. Nd2 e6 9. Ngf3 Bd6 10. Ne5 Qc7 11. Nxc6 Bxf4 12. Ne5 Bxe5 13. Qa4+ Kf8 14. dxe5 Qxe5+ 15. Kf1 Qd6 16. Rc1 Ke7 17. h3 Bh5 18. Qb3 Rab8 19. g3 a6 20. Kg2 Rhd8 21. Rce1 Kf8 22. Qc2 Bg6 23. Bxg6 hxg6 24. Nf3 b5 25. h4 b4 26. Qc1 bxc3 27. bxc3 Qc5 28. Nd4 Rb6 29. Qe3 Rc8 30. h5 gxh5 31. Re2 Qa5 32. Nb3 Qb5 33. Nd4 Qa5 34. Nb3 Qb5 35. f3 Rb7 36. Rh4 Rxc3 37. Qxc3 Qxe2+ 38. Kh3 Qb5 39. Qe3 Qf1+ 40. Kh2 Rc7 41. Nd2 Rc2 42. Rb4 Qc1 43. Rd4 e5 44. Rd3 e4 45. Rd4 exf3 46. Qxf3 Rxd2+ 47. Rxd2 Qxd2+ 48. Kh3 Ng4 49. Kh4 f6 50. Qa3+ Kg8 51. Qxa6 Qh2# 0-1

[Event "Main Tournament (HTO)"]
[Site "Biel/Bienne"]
[Date "2023.07.21"]
[Round "5.18"]
[White "Ernst, Heinz"]
[Black "Federer, Colin"]
[Result "0-1"]
[WhiteElo "1699"]
[BlackElo "1866"]
[PlyCount "84"]
[EventDate "2023.07.17"]

1. d4 Nf6 2. c4 g6 3. Nc3 Bg7 4. e4 d6 5. Be2 O-O 6. Bg5 Na6 7. h3 c6 8. Nf3 Nc7 9. a4 Rb8 10. Qc1 Re8 11. O-O e5 12. dxe5 dxe5 13. Rd1 Qe7 14. a5 Ne6 15. Be3 Nc5 16. Qc2 b6 17. Nd2 Ne6 18. Nf3 Qc7 19. axb6 axb6 20. b4 h6 21. Ra3 Bd7 22. Rda1 c5 23. Nd5 Nxd5 24. cxd5 Nd4 25. Bxd4 exd4 26. Ra7 Rb7 27. Rxb7 Qxb7 28. Rb1 Qa7 29. bxc5 bxc5 30. Bb5 Bf8 31. Bxd7 Qxd7 32. Qd3 f5 33. exf5 Qxf5 34. Qxf5 gxf5 35. Re1 Rxe1+ 36. Nxe1 c4 37. Kf1 d3 38. Nf3 Bg7 39. Ke1 c3 40. Kd1 c2+ 41. Kc1 Bf8 42. Kb2 Ba3+ 0-1

[Event "Main Tournament (HTO)"]
[Site "Biel/Bienne"]
[Date "2023.07.21"]
[Round "5.19"]
[White "Maitre, Fabien"]
[Black "Paholok, Igor"]
[Result "0-1"]
[WhiteElo "1813"]
[BlackElo "1710"]
[PlyCount "88"]
[EventDate "2023.07.17"]

1. e4 e6 2. d4 d5 3. e5 b6 4. c3 Nc6 5. f4 Qh4+ 6. g3 Qd8 7. Nf3 Bb7 8. Bb5 Qd7 9. Be3 Nge7 10. Nbd2 Nf5 11. Bf2 Be7 12. g4 Nh6 13. h3 f6 14. exf6 gxf6 15. Qe2 O-O-O 16. a4 Qd6 17. Bg3 Nf7 18. Kf2 e5 19. fxe5 fxe5 20. Bxc6 Bxc6 21. Nxe5 Nxe5 22. Bxe5 Rhf8+ 23. Nf3 Qh6 24. Kg2 Rde8 25. Rhe1 Bd6 26. a5 Rxf3 27. Qxf3 Bxe5 28. axb6 axb6 29. Qf5+ Bd7 30. Qd3 Bc6 31. Qf5+ Bd7 32. Qd3 Bc6 33. Rxe5 Rxe5 34. dxe5 d4+ 35. Kf2 Qf4+ 36. Ke2 Qxe5+ 37. Kd1 Qh2 38. Qf5+ Kb7 39. Qf1 d3 40. Qxd3 Qg1+ 41. Kc2 Qxa1 42. Qxh7 Qa4+ 43. Kd3 Qd1+ 44. Kc4 Bd5+ 0-1

[Event "Main Tournament (HTO)"]
[Site "Biel/Bienne"]
[Date "2023.07.21"]
[Round "5.20"]
[White "Tkhoruk, Roman"]
[Black "Luethi, Walter"]
[Result "1-0"]
[WhiteElo "1803"]
[BlackElo "1641"]
[PlyCount "115"]
[EventDate "2023.07.17"]

{[%evp 0,49,18,11,56,49,62,54,60,52,28,42,44,47,47,47,42,29,42,42,46,25,25,16,20,28,25,-11,-9,-15,-3,-3,-3,-3,7,-68,-33,-30,46,52,41,6,882,979,29985,29968,29975,29980,29981,29982,29983,1071]} 1. d4 d5 2. c4 e6 3. Nc3 c5 4. e3 Nc6 5. dxc5 d4 6. exd4 Qxd4 7. Nb5 Qxd1+ 8. Kxd1 Kd7 9. Be3 a6 10. Nc3 Nf6 11. Na4 Ke8 12. Nb6 Rb8 13. Nf3 Ng4 14. Na4 Nxe3+ 15. fxe3 Bd7 16. Nb6 Bxc5 17. Nxd7 Kxd7 18. Ke2 f6 19. a3 a5 20. g3 Rhd8 21. h4 Ke7 22. Kf2 e5 23. Be2 e4 24. Nh2 Rd2 25. Rab1 Ne5 26. Ke1 Bxe3 27. Nf1 Nd3+ 28. Bxd3 Rxd3 29. Nxe3 Rxe3+ 30. Kf2 Rd3 31. Rhe1 f5 32. h5 Rbd8 33. Re3 Kf6 34. c5 Rxe3 35. Kxe3 Rd3+ 36. Kf2 Rb3 37. Ke2 Rxg3 38. b4 Rxa3 39. b5 Rc3 40. c6 bxc6 41. b6 Rd3 42. b7 Rd8 43. b8=Q Rxb8 44. Rxb8 Kg5 45. Rb7 g6 46. hxg6 hxg6 47. Ra7 f4 48. Rxa5+ Kg4 49. Ra6 Kg3 50. Rxc6 g5 51. Re6 e3 52. Re5 Kg4 53. Rd5 Kh4 54. Kf3 Kh5 55. Rd6 e2 56. Kxe2 Kh4 57. Kf3 Kh5 58. Rf6 1-0

[Event "Main Tournament (HTO)"]
[Site "Biel/Bienne"]
[Date "2023.07.21"]
[Round "5.21"]
[White "Sala, Matteo"]
[Black "Begdullayev, Tamerlan"]
[Result "1-0"]
[WhiteElo "1874"]
[BlackElo "1783"]
[PlyCount "49"]
[EventDate "2023.07.17"]

1. e4 c5 2. Nf3 d6 3. d4 cxd4 4. Nxd4 Nf6 5. Nc3 a6 6. f3 e5 7. Nb3 Be6 8. Be3 h5 9. Qd2 Nbd7 10. O-O-O Be7 11. h3 Rc8 12. Kb1 b5 13. Nd5 Bxd5 14. exd5 Nb6 15. Bxb6 Qxb6 16. Bd3 O-O 17. g4 g6 18. Qh6 Nh7 19. h4 hxg4 20. Rdg1 Nf6 21. h5 Nxh5 22. Rxh5 Qxg1+ 23. Nc1 Qxc1+ 24. Kxc1 Bg5+ 25. Qxg5 1-0